Normal view
MARC view
- Barbelivien Didier
Entry Personal Name
001 - CONTROL NUMBER
- control field: 15462
003 - CONTROL NUMBER IDENTIFIER
- control field: IT-RoPau
005 - DATE AND TIME OF LATEST TRANSACTION
- control field: 20140310165511.0
008 - FIXED-LENGTH DATA ELEMENTS
- fixed length control field: 140310|| aca||aabn | a|a d
040 ## - CATALOGING SOURCE
- Original cataloging agency: IT-RoPau
- Transcribing agency: IT-RoPau
100 ## - HEADING--PERSONAL NAME
- Personal name: Barbelivien Didier
- Miscellaneous information: Codice interprete SPICS: 11322
- Name of part/section of a work: Interprete
670 ## - SOURCE DATA FOUND
- Source citation: Work cat.: (IT-RoPau)103658: Barbelivien Didier 15457, Viva la vie